Lying and lie detection : a cia insider's guide / John C. Kiriakou. (Record no. 20455)
| 000 -LEADER | |
|---|---|
| fixed length control field | 01755nam a22001577a 4500 |
| 020 ## - INTERNATIONAL STANDARD BOOK NUMBER | |
| ISBN | 9781510756144 |
| 082 ## - DEWEY DECIMAL CLASSIFICATION NUMBER | |
| Classification number | 153.84 |
| Item number | K589 2022 |
| 100 ## - MAIN ENTRY--AUTHOR NAME | |
| Personal name | Kiriakou, John C. author. |
| 245 ## - TITLE STATEMENT | |
| Title | Lying and lie detection : a cia insider's guide / John C. Kiriakou. |
| 260 ## - PUBLICATION, DISTRIBUTION, ETC. (IMPRINT) | |
| Place of publication | New Nork, NY : |
| Name of publisher | Skyhorse Publishing, |
| Year of publication | ©2022. |
| 300 ## - PHYSICAL DESCRIPTION | |
| Number of Pages | 1 online resource : |
| Other physical details | Illustrations. |
| 520 ## - SUMMARY, ETC. | |
| Summary, etc | A foolproof guide both to lying and to detecting deception, L ying and Lie A CIA Insider's Guide will teach you how the pros can tell if and when somebody is lying. People lie all the time. Studies show that the average American lies between six and twenty times a day. Most lies are of the “little white” variety or are meant to spare a person’s feelings. But what about the big lies? What about the consequential ones? You have a right to know when somebody is lying to you. Now, imagine if you had the tools to spot a lie from the truth—a guide to perfect your sixth sense. Whether it's finding out if you truly got the job, unmasking an infidelity, or a simple recommendation, you will no longer have to spend hours, days, or even weeks pondering about it. Through the easy-to-follow instructions and professional anecdotes in Lying and Lie A CIA Insider's Guide , you’ll learn to lie and spot lies from John Kiriakou , a former CIA counterterrorism officer and senior investigator for the Senate Foreign Relations Committee responsible for the capture of Abu Zubaydah. Remember, CIA operations officers are trained to lie. They lie all the time. When they are working undercover, they are actually living a lie. With the CIA as a teacher, you’ll learn how to tell. |
| 650 ## - SUBJECT ADDED ENTRY--TOPICAL TERM | |
| Topical Term | Deception. |
| 650 ## - SUBJECT ADDED ENTRY--TOPICAL TERM | |
| Topical Term | Investigation. |
| 942 ## - ADDED ENTRY ELEMENTS (KOHA) | |
| Koha item type | Electronic Books |
| Source of acquisition | Permanent Location | Date acquired | Collection code | Koha item type | Lost status | Shelving location | Withdrawn status | Current Location | Full call number |
|---|---|---|---|---|---|---|---|---|---|
| Donation | Cagayan State University - Carig Library | 2025-05-17 | E-Books | Electronic Books | E-Resource Section | Cagayan State University - Carig Library | 153.84 K589 2022 |